000 00718nam a2200217Ia 4500
005 20250508165915.0
008 008 250505s9999 xx 000 0 eng d
020 _a978-81-250-4777-3
037 _aTextual
040 _aFEDL
_beng
_cFEDL
041 _aeng
_2eng
084 _a305.42, FIE
_qFEDL
100 _aFiedrich Mare
_9782374
245 0 _aLiteracy, gender and social agency: adventures in empowerment: A research report for action aid U K
260 _aLondon, UK
_bKate Meticalf
_c2003
300 _a208p.
546 _aGifted by H.O.D. Namita Ranganathan in memory of Prof. Arvind Gaysu
700 _a Jellema Anne
_9782375
942 _cTEXL
_h305.42, FIE
999 _c1398117
_d1398117